| 000 | 01114nam a22002057a 4500 | ||
|---|---|---|---|
| 008 | 090825t xxu||||| |||| 00| 0 eng d | ||
| 020 | _a9770191175 | ||
| 082 |
_220 _a303.483 _bش و ق |
||
| 100 |
_98624 _aشوقى, أحمد. |
||
| 245 |
_aإلا العلم يامولاى : _bالثقافة العلمية بعيون بيولوجية / _cأحمد شوقى. |
||
| 260 |
_aالقاهرة : _bالهيئة المصرية العامة للكتاب , _c2004. |
||
| 300 |
_a173 ص ؛ _c15 سم. |
||
| 490 | _aمكتبة الأسرة . سلسلة الأعمال العلمية. | ||
| 650 |
_98621 _aالتكنولوجيا - الجوانب الإجتماعية |
||
| 650 |
_98622 _aالعلوم |
||
| 650 |
_98623 _aالتنمية الإجتماعية. |
||
| 942 |
_2ddc _cBB |
||
| 999 |
_c12694 _d12694 |
||